000 01003nam a22002537a 4500
005 20080827160719.0
008 080827t xxu||||| |||| 00| 0 eng d
010 _aENG-90771
020 _c250.00
035 _aEN-74304
037 _bDBAD / PUB
040 _aDPL
082 _a230.2
100 _aNithyananda
245 _aShastras, stotras, sutras :
_bdiscourse on Bhagavad Gita chapter-1 /
_cby Nithyananda
260 _aBangalore
_bDhyanapeeta Charitable Trust
_cc2007
270 _aNithyanandapuri, Kallugophalli, Off Mysore Road, Bidadi
_bBangalore
_e562109
300 _a212p. :
_bb & w photos
_c22 cm.(Hb)
490 _aBhagavad gita - The song of god : chapter 1
500 _aTalks given in USA on the Bhagavad Gita - Chapter 1
650 _aBhagavadgita
_xDiscourse
942 _2ddc
_cEN
_h230.2
_mNIT
999 _c15151
_d15151